Letters of the Largest province in Iran - Statistics

General Stats
  • This quiz has been taken 22 times
  • The average score is 6 of 6
Answer Stats
Hint Answer % Correct
Letter A
100%
Letter E
94%
Letter K
94%
Letter M
94%
Letter N
88%
Letter R
88%
No matching quizzes found
Score Distribution
Percent of People with Each Score
Percentile by Number Answered
Your Score History
You have not taken this quiz